Statistics for Yugoslav cup champions (1947-1992)

Click here to take the quiz!

General Stats

  • This quiz has been taken 28 times
  • The average score is 39 of 46

Answer Stats

SeasonChampion% Correct
(R)Dinamo Zagreb
100%
1962-63Dinamo Zagreb
100%
1968-69Dinamo Zagreb
100%
1951Dinamo Zagreb
100%
1959-60Dinamo Zagreb
100%
1982-83Dinamo Zagreb
100%
1979-80Dinamo Zagreb
100%
1964-65Dinamo Zagreb
100%
1973Hajduk Split
96%
1971-72Hajduk Split
96%
1976-77Hajduk Split
96%
1974Hajduk Split
96%
1975-76Hajduk Split
96%
1983-84Hajduk Split
96%
1986-87Hajduk Split
96%
1990-91Hajduk Split
96%
1966-67Hajduk Split
96%
1988-89Partizan
96%
1947Partizan
96%
1991-92Partizan
96%
1952Partizan
96%
1954Partizan
96%
1956-57Partizan
96%
1981-82Red Star
96%
(R)Red Star
96%
1963-64Red Star
96%
1950Red Star
96%
1989-90Red Star
96%
1957-58Red Star
96%
1958-59Red Star
96%
1970-71Red Star
96%
1969-70Red Star
96%
1948Red Star
96%
1949Red Star
96%
1967-68Red Star
96%
1984-85Red Star
96%
1960-61Vardar
65%
1978-79Rijeka
54%
1977-78Rijeka
54%
1985-86Velež Mostar
50%
1980-81Velež Mostar
50%
1987-88Borac Banja Luka
38%
1961-62OFK Belgrade
38%
1965-66OFK Belgrade
38%
1953BSK Belgrade
31%
1955BSK Belgrade
31%

Score Distribution

Percentile by Number Answered

Percent of People with Each Score

Your Score History

You have not taken this quiz